MLB States Minefield Quiz Stats

 Plays Quiz Updated Jul 3, 2017

Support Sporcle.
Go Orange.
Score 0/20 Timer 03:00
1 Play Today
# of Teams State % Correct
5???
95.1%
2???
92.8%
2???
89.3%
2???
87.7%
1???
83%
2???
81.4%
1???
79.6%
2???
78.7%
1???
77.8%
2???
77%
# of Teams State % Correct
1???
76.1%
1???
74.4%
2???
74.1%
1???
71.2%
1???
71.2%
1???
69.9%
1???
64.4%
-???
63.6%
1???
62.9%
1???
52.8%

You're not logged in!

Compare scores with friends on all Sporcle quizzes.
OR
Log In
Forgot?

From the Vault

Sets of Three V

by nspyred

Careful, parts of these sets could belong to other categories.
Remove Ads.
Support Sporcle.
Get the best of Sporcle when you Go Orange. This ad-free experience offers more features, more stats, and more fun while also helping to support Sporcle. Thank you for becoming a member.

Show Comments

Extras

Top Quizzes Today


Score Distribution

Your Account Isn't Verified!

In order to create a playlist on Sporcle, you need to verify the email address you used during registration. Go to your Sporcle Settings to finish the process.

Report this User

Report this user for behavior that violates our Community Guidelines.

Details: